| 000 | 01067nam a2200241Ia 4500 | ||
|---|---|---|---|
| 999 |
_c22289 _d22289 |
||
| 003 | OSt | ||
| 005 | 20210920155003.0 | ||
| 008 | 160316s2005 xxu||||| |||| 00| 0 eng d | ||
| 020 | _a9780521614900 | ||
| 020 | _a0521614902 | ||
| 040 | _cnls | ||
| 082 |
_a340.110000 _bWEI |
||
| 100 | _aWeinberg Lloyd | ||
| 245 | _aLegal reason : The use of analogy in legal argument | ||
| 260 |
_aCambridge _bCambridge University Press _c2005 |
||
| 300 |
_a184p _cVII |
||
| 365 | _b Rs.895 | ||
| 505 | _aContents: Preface page vii; Introduction 1; 1 Analogy and Inductive and Deductive Reasoning 19; 2 Steamboats, Broadcast Transmissions, and Electronic Eavesdropping 41; 3 Analogical Legal Reasoning 65; 4 Analogical Reasoning, Legal Education, and the Law 123; Appendix A: Note on Analogical Reasoning 163; Appendix B: Biographical Notes 169; Notes 173; Index 181. | ||
| 650 | _a1. Law - Legal Reasoning 2. Law - Methodology | ||
| 700 |
_a _a |
||
| 856 | _uhttps://codolc.com/books/Legal_Reason_The_Use_Of_Analogy_In_Legal_Argument.pdf | ||
| 942 |
_2ddc _cBK |
||